000 00654nam a2200193Ia 4500
003 GCL
005 20240530103454.0
008 140319s9999 xx 000 0 ara d
040 _aGCL /
_cGCL
082 0 4 _a658
_bع ت
100 1 _aعبدالغفار حنفى
245 1 0 _aتنظيم وادارة الاعمال /
_cعبدالغفار حنفى ، عبدالسلام ابوقحف
260 _aالاسكندرية :
_bالمكتب العربى الحديث ،
_c1993
300 _a615 ص؛
_c24 سم
650 0 4 _aادارة الاعمال
650 0 4 _aاتخاذ القرارات
700 1 _aعبدالسلام ابوقحف
942 _2ddc
_cBK
999 _c39706
_d39706